West Midlands, England - Biggest Places - Statistics

General Stats
  • This quiz has been taken 60 times
  • The average score is 41 of 100
Answer Stats
# Place Name County Population % Correct
1 Birmingham West Midlands 1,121,408
100%
2 Coventry West Midlands 344,322
91%
16 Shrewsbury Shropshire 75,992
91%
4 Wolverhampton West Midlands 234,015
91%
7 Worcester Worcestershire 105,455
89%
5 Telford Shropshire 156,896
86%
33 Warwick Warwickshire 36,665
84%
3 Stoke-on-Trent Staffordshire 260,602
82%
6 Solihull West Midlands 107,728
80%
17 Stafford Staffordshire 71,673
80%
19 Dudley West Midlands 64,275
77%
21 Hereford Herefordshire 60,475
75%
9 Royal Sutton Coldfield West Midlands 93,369
75%
15 Tamworth Staffordshire 76,092
75%
18 Walsall West Midlands 70,778
75%
20 Cannock Staffordshire 63,054
73%
8 West Bromwich West Midlands 103,112
73%
37 Lichfield Staffordshire 32,575
70%
28 Royal Leamington Spa Warwickshire 51,323
70%
10 Nuneaton Warwickshire 88,813
64%
11 Redditch Worcestershire 81,637
64%
12 Rugby Warwickshire 78,117
64%
24 Stourbridge West Midlands 56,935
64%
14 Burton upon Trent Staffordshire 76,270
61%
23 Kidderminster Worcestershire 57,553
61%
58 Stone Staffordshire 17,278
61%
22 Halesowen West Midlands 60,097
59%
42 Stratford-upon-Avon Warwickshire 28,126
59%
45 Rugeley Staffordshire 26,156
57%
34 Bromsgrove Worcestershire 34,760
55%
30 Tipton West Midlands 47,190
52%
41 Evesham Worcestershire 28,252
50%
52 Leek Staffordshire 19,385
50%
13 Newcastle under Lyme Staffordshire 76,503
50%
36 Great Malvern Worcestershire 33,187
48%
50 Wednesbury West Midlands 20,313
48%
74 Ludlow Shropshire 10,039
45%
25 Smethwick West Midlands 56,338
45%
63 Uttoxeter Staffordshire 14,014
45%
56 Oswestry Shropshire 17,509
43%
60 Aldridge West Midlands 15,834
41%
31 Oldbury West Midlands 45,187
41%
51 Stourport-on-Severn Worcestershire 20,302
41%
49 Brownhills West Midlands 21,232
39%
44 Droitwich Spa Worcestershire 26,410
39%
26 Kingswinford West Midlands 51,904
39%
80 Atherstone Warwickshire 8,667
36%
47 Kenilworth Warwickshire 22,230
36%
70 Leominster Herefordshire 11,211
36%
99 Alcester Warwickshire 6,421
34%
83 Bewdley Worcestershire 8,287
34%
27 Bloxwich West Midlands 51,879
34%
66 Bridgnorth Shropshire 12,182
34%
48 Darlaston West Midlands 21,545
34%
71 Ross-on-Wye Herefordshire 10,978
34%
35 Bilston West Midlands 34,639
32%
38 Brierley Hill West Midlands 32,299
32%
67 Market Drayton Shropshire 12,066
32%
84 Pershore Worcestershire 8,216
32%
32 Rowley Regis West Midlands 39,041
32%
100 Wem Shropshire 6,285
32%
40 Bedworth Warwickshire 31,090
30%
82 Ledbury Herefordshire 8,346
30%
78 Shifnal Shropshire 8,984
30%
53 Knowle / Dorridge West Midlands 19,314
27%
62 Newport Shropshire 14,182
27%
75 Whitchurch Shropshire 9,855
27%
43 Burntwood Staffordshire 27,895
25%
69 Cheadle Staffordshire 11,406
25%
97 Coleshill Warwickshire 6,744
25%
54 Cradley Heath West Midlands 18,317
25%
65 Wombourne Staffordshire 12,818
25%
46 Coseley West Midlands 25,210
23%
81 Penkridge Staffordshire 8,370
23%
88 Polesworth / Dordon Warwickshire 7,556
23%
93 Albrighton Shropshire 6,988
20%
68 Codsall Staffordshire 11,860
20%
92 Hagley Worcestershire 7,009
20%
72 Pelsall West Midlands 10,449
20%
57 Biddulph Staffordshire 17,488
18%
55 Great Wyrley / Chelsyn Hay Staffordshire 17,643
18%
95 Hollywood Worcestershire 6,940
18%
61 Kidsgrove Staffordshire 15,593
18%
86 Southam Warwickshire 8,114
18%
59 Streetly West Midlands 16,778
16%
89 Balsall Common West Midlands 7,099
11%
73 Catshill Worcestershire 10,169
11%
39 Sedgley West Midlands 31,978
11%
91 Wellesbourne Warwickshire 7,020
11%
85 Norton Canes Staffordshire 8,147
9%
29 Wilenhall West Midlands 49,587
9%
94 Blackheath West Midlands 9,647
7%
77 Perton Staffordshire 9,299
7%
64 Rushall / Shelfield West Midlands 12,844
7%
96 Blythe Bridge / Forsbrook Staffordshire 6,799
5%
76 Pheasey West Midlands 9,490
5%
98 Cawston Warwickshire 6,475
2%
79 Whitnash Warwickshire 8,915
2%
87 Fazeley Staffordshire 7,574
0%
90 Featherstone Staffordshire 7,094
0%
No matching quizzes found
Score Distribution
Percent of People with Each Score
Percentile by Number Answered
Your Score History
You have not taken this quiz